00979nam a2200253 i 4500001000300000100003400003245013800037246004400175250001700219260004300236300006600279500004700345504003600392650002400428655001800452700003300470700002900503020002300532040000800555041001100563080001200574008004100586856009800627bg1 aPEITGEN, Heinz-Ottod(1945- )10aFraktale :bgranice chaosu.nCz.1 /cH.-O. Peitgen, H. Jürgens, D. Saupe ; z ang. przeł. K. Pietruska-Pałuba, K. Winkowska-Nowak. iTyt. oryg.:aFractals for the classroom aWyd. 2 popr. aWarszawa :bWydaw. Naukowe PWN,c1997. a543, [1] s. :bfot., rys., wykr., err. ;c25 cm +edyskietka. aOryg. : "Fractals for the classroom" 1992. aBibliogr. s. 526-537. - Indeks. 9aGeometria fraktalna aPodręczniki1 aJÜRGENS, Hartmutd(1955- )1 aSAUPE, Dietmard(1954- ) a8301117842 (cz. 1) cBPK1 aplhen a514(07) s pl f |000 0 pol  uhttp://koha.tu.koszalin.pl/cgi-bin/koha/opac-detail.pl?biblionumber=36715yKatalog online BPK